000 00738nam a22002295a 4500
008 150824t2002 enk frd 000 0 eng d
020 _a0140513779
020 _a9780140513776
040 _aEG-ScBuE
_beng
_cEG-ScBuE
_dEG-ScBuE
082 0 4 _a650.03
_bNEW
_222
245 0 4 _aThe new penguin business dictionary /
_cGraham Bannock ... [et al.]
246 3 0 _aBusiness dictionary
246 3 4 _aDictionary of business
246 3 4 _aThe new penguin dictionary of business
260 _aLondon :
_bPenguin books,
_c2002.
300 _a392 p. ;
_c20 cm.
650 7 _aBusiness
_xDictionaries.
_2BUEsh
_919575
651 _2BUEsh
653 _bBUSADM
_cAugust2015
_cNovember2017
700 1 _aBannock, Graham
_91333
942 _cNB
_k650.03 BUS
_2ddc
999 _c8746
_d8746